| 000 | 00439nam a2200145Ia 4500 | ||
|---|---|---|---|
| 008 | 090124s9999 xx 000 0 und d | ||
| 082 | _b204369 | ||
| 245 | _aPANORAMA: AN ANTHOLOGY OF MODERN INDIAN STORIES | ||
| 250 | _a1 | ||
| 260 |
_bANAND MULKRAJ AND RAO BALU S. _c1997 |
||
| 300 | _a240 | ||
| 630 | _aPANORAMA: AN ANTHOLOGY OF MODERN INDIAN STORIES | ||
| 730 | _aPANORAMA: AN ANTHOLOGY OF MODERN INDIAN STORIES | ||
| 942 | _cBOOK | ||
| 999 |
_c185950 _d185950 |
||